Tham khảo biên dịch văn hóa Việt Nam: Tết nguyên đán = Frequently asked questions about Vietnamese culture: Vietnamese lunar new year
Giới thiệu về Tết nguyên đán Việt Nam: Nguồn gốc, truyền thuyết, nghi lễ, trang trí, cách xem tuổi của người Việt.
Wedi'i Gadw mewn:
| Prif Awdur: | |
|---|---|
| Fformat: | Llyfr |
| Iaith: | Undetermined |
| Cyhoeddwyd: |
Hà Nội
Thế giới
2006
|
| Pynciau: | |
| Tagiau: |
Ychwanegu Tag
Dim Tagiau, Byddwch y cyntaf i dagio'r cofnod hwn!
|
| Thư viện lưu trữ: | Trung tâm Học liệu Trường Đại học Cần Thơ |
|---|
| LEADER | 00919nam a2200229Ia 4500 | ||
|---|---|---|---|
| 001 | CTU_133409 | ||
| 008 | 210402s9999 xx 000 0 und d | ||
| 020 | |c 9500 | ||
| 082 | |a 394.2614 | ||
| 082 | |b H566 | ||
| 100 | |a Hữu Ngọc | ||
| 245 | 0 | |a Tham khảo biên dịch văn hóa Việt Nam: Tết nguyên đán = | |
| 245 | 0 | |b Frequently asked questions about Vietnamese culture: Vietnamese lunar new year | |
| 245 | 0 | |c Hữu Ngọc, Lady Borton | |
| 260 | |a Hà Nội | ||
| 260 | |b Thế giới | ||
| 260 | |c 2006 | ||
| 520 | |a Giới thiệu về Tết nguyên đán Việt Nam: Nguồn gốc, truyền thuyết, nghi lễ, trang trí, cách xem tuổi của người Việt. | ||
| 650 | |a Folk festivals,Lễ hội dân gian | ||
| 650 | |z Vietnam,Việt Nam | ||
| 904 | |i Trọng Hải | ||
| 980 | |a Trung tâm Học liệu Trường Đại học Cần Thơ | ||